Avaliação de desempenho humano na empresa / (Record no. 914)
[ view plain ]
| 000 -LÍDER | |
|---|---|
| Campo Fixo de Controle | 00924nam a2200277 a 4500 |
| 001 - NÚMERO DE CONTROLE | |
| Campo de Controle | 914 |
| 003 - IDENTIFICAÇÃO DO NÚMERO DE CONTROLE | |
| Campo de Controle | BR-CuiBMT |
| 005 - DATA E HORA DA ÚLTIMA ATUALIZAÇÃO | |
| Campo de Controle | 20231123001310.0 |
| 008 - DADOS FIXOS | |
| Dados Fixos | 231122s1988 spba 000 0 por d |
| 020 ## - INTERNATIONAL STANDARD BOOK NUMBER | |
| Nº do ISBN | 9788522403707 |
| 040 ## - AGÊNCIA CATALOGADORA | |
| Código da Agência Catalogadora | BR-CuiBMT |
| Agência que transcreveu o registro | BR-CuiBMT |
| 080 ## - Nº DA CLASSIFICAÇÃO DECIMAL UNIVERSAL | |
| Nº edição CDU | 2007 |
| Nº Class. CDU | 658.31.084.3 |
| 090 ## - NÚMERO DE CHAMADA | |
| Nº classificação | 658.31.084.3 |
| Cutter | B493a |
| Ano/Edição | 4. ed. |
| 100 1# - ENTRADA PRINCIPAL -- AUTOR PESSOAL | |
| Nome pessoal | Bergamini, Cecília Whitaker, |
| Datas associadas ao nome | 1939- |
| 245 10 - TÍTULO PRINCIPAL | |
| Título principal | Avaliação de desempenho humano na empresa / |
| Indicação de responsabilidade | Cecília Whitaker Bergamini, Deobel Garcia Ramos Beraldo. |
| 250 ## - EDIÇÃO | |
| Edição | 4. ed. |
| 260 ## - PUBLICAÇÃO, DISTRIBUIÇÃO, ETC. | |
| Local de publicação | São Paulo : |
| Editora | Atlas, |
| Data | 1988. |
| 300 ## - DESCRIÇÃO FÍSICA | |
| N. páginas ou volumes | 290 p. : |
| Ilustrações | il. ; |
| Dimensões | 21 cm |
| 504 ## - NOTA DE BIBLIOGRAFIA, ETC. | |
| Nota de bibliografia | Inclui bibliografia. |
| 590 ## - NOTA LOCAL | |
| Nota local | A biblioteca possui 12. reimpr. 2012. |
| 650 ## - ASSUNTO TÓPICO | |
| Cabeçalho tópico ou nome geográfico | Avaliação de desempenho |
| 650 ## - ASSUNTO TÓPICO | |
| Cabeçalho tópico ou nome geográfico | Administração de pessoal |
| Subdivisão geral | Avaliação de desempenho |
| 650 ## - ASSUNTO TÓPICO | |
| Cabeçalho tópico ou nome geográfico | Produtividade no trabalho |
| 700 1# - ENTRADA SECUNDÁRIA -- NOME PESSOAL | |
| Nome pessoal | Beraldo, Deobel Garcia Ramos, |
| Datas associadas ao nome | 1948- |
| 942 ## - ELEMENTOS DE ENTRADA ADICIONAIS (KOHA) | |
| Fonte de classificação ou esquema de arquivamento | Classificação Decimal Universal |
| Tipo de item do Koha | Livros |
| Estado: removido | Estado: perdido | Fonte de classificação ou esquema de arquivamento | Estado: danificado | Indisponível para empréstimo | Localização permanente | Localização atual | Data de aquisição | Total Checkouts | Número de Chamada completo | Código de barras | Date last seen | Número do exemplar | Preço efetivo a partir de | Tipo de item (Koha) | Nota pública |
|---|---|---|---|---|---|---|---|---|---|---|---|---|---|---|---|
| Classificação Decimal Universal | Biblioteca da Escola Superior de Contas do TCE/MT | Biblioteca da Escola Superior de Contas do TCE/MT | 22/11/2023 | 658.31.084.3 B493a 4. ed. | BIBTCEMT23110907 | 22/11/2023 | Ex. 1 | 22/11/2023 | Livros | 12. reimpr. 2012 |